[Event "Quebec op U2000"]
[Site "Longueuil"]
[Date "2018.07.26"]
[Round "7.27"]
[White "De Lagrave, Sylvain"]
[Black "Richard, Leo"]
[Result "1/2-1/2"]
[WhiteElo "1953"]
[BlackElo "1915"]
[PlyCount "75"]
[EventDate "2018.07.21"]
[EventType "swiss"]
[EventRounds "9"]
[EventCountry "CAN"]
[SourceTitle "EXT 2022"]
[Source "ChessBase"]
[SourceDate "2021.10.06"]
[SourceVersion "1"]
[SourceVersionDate "2021.10.06"]
[SourceQuality "1"]

1. e4 c5 2. Nf3 d6 3. d4 cxd4 4. Qxd4 Nc6 5. Bb5 Bd7 6. Bxc6 Bxc6 7. Nc3 Nf6 8. Bg5 e6 9. 0-0-0 Be7 10. Qd3 Qa5 11. h4 h6 12. Bd2 Qb6 13. Nd4 0-0 14. f3 d5 15. exd5 Nxd5 16. Nxd5 Bxd5 17. Nf5 Bf6 18. Bc3 exf5 19. Bxf6 Qxf6 20. Qxd5 Rfd8 21. Qc4 Qb6 22. Qe2 Qb4 23. g3 f4 24. a3 Qa4 25. Qe5 Rdc8 26. Rd2 Qc4 27. Rhd1 fxg3 28. Qxg3 Qc7 29. Qg4 Rd8 30. Rg1 f6 31. Qe6+ Kh8 32. Rdg2 Rd7 33. Rg4 Re7 34. Qc4 Qa5 35. Qb4 Qxb4 36. Rxb4 b6 37. Rd1 Rae8 38. Rbd4 1/2-1/2

[Event "Quebec op U2000"]
[Site "Longueuil"]
[Date "2018.07.25"]
[Round "6.28"]
[White "Haji Ghanbari, Nader"]
[Black "De Lagrave, Sylvain"]
[Result "1/2-1/2"]
[WhiteElo "1895"]
[BlackElo "1953"]
[PlyCount "107"]
[EventDate "2018.07.21"]
[EventType "swiss"]
[EventRounds "9"]
[EventCountry "CAN"]
[SourceTitle "EXT 2022"]
[Source "ChessBase"]
[SourceDate "2021.10.06"]
[SourceVersion "1"]
[SourceVersionDate "2021.10.06"]
[SourceQuality "1"]

1. e4 c5 2. Nf3 d6 3. d4 cxd4 4. Nxd4 Nf6 5. Nc3 a6 6. g3 e5 7. Nde2 Be7 8. Bg2 Be6 9. a4 0-0 10. 0-0 Qc7 11. h3 Nbd7 12. Be3 Nb6 13. g4 Nc4 14. Bc1 h6 15. b3 Nb6 16. Nd5 Nbxd5 17. exd5 Bd7 18. a5 b5 19. axb6 Qxb6 20. Be3 Qb4 21. Bd2 Qb6 22. Be3 Qb4 23. c3 Qb7 24. c4 Bd8 25. Qd3 Bb6 26. Rfb1 Bxe3 27. Qxe3 Qb4 28. Ng3 Rfb8 29. Ne4 Nxe4 30. Bxe4 a5 31. Qd3 Qc5 32. Qe3 Qxe3 33. fxe3 g6 34. Bc2 Rb4 35. Ra2 a4 36. bxa4 Rxb1+ 37. Bxb1 Rxa4 38. Rxa4 Bxa4 39. Kf2 Bd7 40. e4 Kg7 41. Bc2 Kf6 42. Kg3 Ke7 43. h4 Kd8 44. g5 hxg5 45. hxg5 Kc7 46. c5 dxc5 47. Bb3 Bb5 48. d6+ Kxd6 49. Bxf7 c4 50. Kf3 c3 51. Ke3 c2 52. Kd2 Bd3 53. Bxg6 Ke7 54. Bf5 1/2-1/2

[Event "Quebec op U2000"]
[Site "Montreal"]
[Date "2016.07.26"]
[Round "5.1"]
[White "De Lagrave, Sylvain"]
[Black "Ivakhin, Mikhail"]
[Result "1/2-1/2"]
[WhiteElo "1895"]
[BlackElo "1853"]
[PlyCount "58"]
[EventDate "2016.07.23"]
[EventType "swiss"]
[EventRounds "8"]
[EventCountry "CAN"]
[SourceTitle "EXT 2022"]
[Source "ChessBase"]
[SourceDate "2021.10.06"]
[SourceVersion "1"]
[SourceVersionDate "2021.10.06"]
[SourceQuality "1"]

1. d4 d6 2. e4 g6 3. Nc3 Bg7 4. g3 Nf6 5. Bg2 Bg4 6. Nge2 Nc6 7. h3 Bd7 8. 0-0 0-0 9. Be3 Qc8 10. Kh2 e5 11. Qd2 exd4 12. Nxd4 Ne5 13. b3 a6 14. Rad1 c5 15. Nde2 Bxh3 16. Bf4 Bxg2 17. Kxg2 Rd8 18. Bg5 Qc6 19. Qf4 Nh5 20. Qh4 f6 21. Be3 Qd7 22. Bxc5 Qe6 23. Be3 Rac8 24. Rd2 f5 25. Nd4 Qf7 26. Nd5 Re8 27. f3 Nf6 28. Nxf6+ Bxf6 29. Bg5 Bxg5 1/2-1/2

[Event "Quebec op U2000"]
[Site "Montreal"]
[Date "2016.07.25"]
[Round "4.29"]
[White "Germain, Michel"]
[Black "De Lagrave, Sylvain"]
[Result "0-1"]
[WhiteElo "1916"]
[BlackElo "1895"]
[PlyCount "39"]
[EventDate "2016.07.23"]
[EventType "swiss"]
[EventRounds "8"]
[EventCountry "CAN"]
[SourceTitle "EXT 2022"]
[Source "ChessBase"]
[SourceDate "2021.10.06"]
[SourceVersion "1"]
[SourceVersionDate "2021.10.06"]
[SourceQuality "1"]

1. d4 Nf6 2. Nf3 c5 3. d5 d6 4. Nc3 e5 5. dxe6 fxe6 6. e4 Nc6 7. Bg5 a6 8. Be2 Be7 9. 0-0 0-0 10. a4 d5 11. exd5 exd5 12. Bxf6 Bxf6 13. Qxd5+ Qxd5 14. Nxd5 Bxb2 15. Rab1 Bd4 16. Bc4 Kh8 17. c3 Bf6 18. Nxf6 Rxf6 19. Rfe1 Bf5 20. Bd5 0-1

[Event "Canadian op U2400"]
[Site "Montreal"]
[Date "2014.07.20"]
[Round "2"]
[White "De Lagrave, Sylvain"]
[Black "Holliman, Robert"]
[Result "0-1"]
[WhiteElo "1911"]
[BlackElo "1976"]
[PlyCount "66"]
[EventDate "2014.07.19"]
[EventType "swiss"]
[EventRounds "9"]
[EventCountry "CAN"]
[SourceTitle "EXT 2022"]
[Source "ChessBase"]
[SourceDate "2021.10.06"]
[SourceVersion "1"]
[SourceVersionDate "2021.10.06"]
[SourceQuality "1"]

1. e4 e6 2. d4 d5 3. e5 c5 4. c3 Nc6 5. Nf3 Bd7 6. a3 c4 7. Nbd2 Na5 8. Be2 Ne7 9. h4 Qc7 10. Qc2 f6 11. exf6 gxf6 12. b3 cxb3 13. Nxb3 Ba4 14. Nfd2 Nec6 15. Bh5+ Kd8 16. Bd1 Rg8 17. Qd3 Bxb3 18. Bxb3 Rxg2 19. Qf3 Qg7 20. Bb2 Rc8 21. c4 Nxb3 22. Nxb3 dxc4 23. Nc5 Bxc5 24. dxc5 e5 25. Qd5+ Ke8 26. Qe6+ Ne7 27. 0-0-0 Qf7 28. Qd7+ Kf8 29. Qxb7 Rxf2 30. h5 c3 31. Bxc3 Qc4 32. Qb4 Rxc5 33. Rh3 Qa2 0-1

[Event "Quebec op U2000"]
[Site "Montreal"]
[Date "2010.07.26"]
[Round "4"]
[White "De Lagrave, Sylvain"]
[Black "Brodie, Hugh"]
[Result "1/2-1/2"]
[WhiteElo "1999"]
[BlackElo "1841"]
[PlyCount "146"]
[EventDate "2010.07.24"]
[EventType "swiss"]
[EventRounds "9"]
[EventCountry "CAN"]
[SourceTitle "EXT 2013"]
[Source "ChessBase"]
[SourceDate "2012.11.22"]
[SourceVersion "1"]
[SourceVersionDate "2012.11.22"]
[SourceQuality "1"]

1. e4 c5 2. Nf3 Nc6 3. Bb5 g6 4. Bxc6 bxc6 5. 0-0 Bg7 6. d3 d6 7. h3 Nf6 8. Nc3 0-0 9. Bg5 h6 10. Be3 Rb8 11. Rb1 Be6 12. Qd2 Kh7 13. b3 Qc8 14. Na4 Qa6 15. c4 Nd7 16. Rbc1 Qc8 17. Nh2 f5 18. f4 Nf6 19. Nc3 Qd7 20. Nf3 Ne8 21. Ne2 Nc7 22. Nh4 Bf6 23. Nf3 Bg7 24. Kh1 Rbd8 25. Rcd1 Qc8 26. Qc2 Bd7 27. Rfe1 Rf7 28. Ng3 Rdf8 29. Ne2 Bf6 30. Bc1 Bg7 31. Be3 Bf6 32. Bc1 Bg7 33. Bb2 Ne6 34. Bxg7 Kxg7 35. e5 d5 36. d4 cxd4 37. Nfxd4 Nc7 38. c5 e6 39. b4 g5 40. g3 Kh8 41. Rb1 Rg7 42. a4 Qe8 43. b5 cxb5 44. c6 Bc8 45. axb5 Qh5 46. Kh2 Na8 47. Qc5 Rfg8 48. Rg1 Nb6 49. Ra1 Qf7 50. Nb3 Nc4 51. Qd4 Qh5 52. Qf2 Qf7 53. Ned4 Qe7 54. Ra2 gxf4 55. Qxf4 Kh7 56. Rga1 a6 57. bxa6 Rxg3 58. Qxg3 Rxg3 59. Kxg3 Qg5+ 60. Kh2 Qf4+ 61. Kh1 Qe4+ 62. Kh2 Qxe5+ 63. Kg1 Qg3+ 64. Rg2 Qe3+ 65. Kh2 Qf4+ 66. Kh1 Bxa6 67. Rxa6 Qf1+ 68. Kh2 Qf4+ 69. Kg1 Qe3+ 70. Kf1 Qd3+ 71. Kg1 Qe3+ 72. Kh2 Qf4+ 73. Kg1 Qe3+ 1/2-1/2

[Event "Quebec op"]
[Site "Montreal"]
[Date "1987.08.01"]
[Round "7"]
[White "De Lagrave, Sylvain"]
[Black "Angers, Gilles"]
[Result "0-1"]
[WhiteElo "1884"]
[BlackElo "1992"]
[PlyCount "42"]
[EventDate "1987.07.26"]
[EventType "swiss"]
[EventRounds "8"]
[EventCountry "CAN"]
[SourceTitle "EXT 2022"]
[Source "ChessBase"]
[SourceDate "2021.10.06"]
[SourceVersion "1"]
[SourceVersionDate "2021.10.06"]
[SourceQuality "1"]

1. e4 c6 2. d4 d5 3. e5 Bf5 4. h4 h6 5. g4 Bh7 6. e6 fxe6 7. Bd3 g6 8. Bf4 Bg7 9. c3 e5 10. Bxe5 Bxe5 11. dxe5 Qd7 12. Qc2 Qxg4 13. Ne2 Nd7 14. Rg1 Qh5 15. f4 Qxh4+ 16. Kd2 Nf8 17. Na3 e6 18. Rh1 Qe7 19. Rag1 h5 20. b4 Nh6 21. b5 Qxa3 0-1

[Event "Quebec op"]
[Site "Montreal"]
[Date "1986.08.08"]
[Round "6"]
[White "De Lagrave, Sylvain"]
[Black "Ber, Yves"]
[Result "1-0"]
[WhiteElo "1892"]
[BlackElo "2002"]
[PlyCount "82"]
[EventDate "1986.08.03"]
[EventType "swiss"]
[EventRounds "8"]
[EventCountry "CAN"]
[SourceTitle "EXT 2022"]
[Source "ChessBase"]
[SourceDate "2021.10.06"]
[SourceVersion "1"]
[SourceVersionDate "2021.10.06"]
[SourceQuality "1"]

1. e4 d6 2. d4 Nf6 3. Nc3 g6 4. g3 Bg7 5. Bg2 c6 6. Nge2 Nbd7 7. 0-0 0-0 8. h3 Rb8 9. Be3 Qa5 10. Qd2 Re8 11. g4 Nf8 12. f4 Bxg4 13. hxg4 Nxg4 14. e5 dxe5 15. dxe5 Rbd8 16. Qc1 Bh6 17. Bh3 Nxe3 18. Qxe3 f5 19. Rad1 Ne6 20. Rd3 Nc5 21. Rd4 Rxd4 22. Nxd4 e6 23. a3 Nd7 24. Nb3 Qb6 25. Qxb6 Nxb6 26. Nc5 Nc4 27. Nd3 Bf8 28. Kf2 h6 29. Rd1 Rd8 30. a4 g5 31. b3 Nb6 32. Bg2 Kf7 33. a5 Nd5 34. Nxd5 cxd5 35. Ke3 g4 36. c4 dxc4 37. bxc4 h5 38. Bxb7 Rb8 39. a6 h4 40. c5 Be7 41. c6 Bd8 1-0

[Event "Quebec op"]
[Site "Montreal"]
[Date "1986.08.03"]
[Round "1"]
[White "De Lagrave, Sylvain"]
[Black "Leveille, Francois"]
[Result "0-1"]
[WhiteElo "1892"]
[BlackElo "2200"]
[PlyCount "78"]
[EventDate "1986.08.03"]
[EventType "swiss"]
[EventRounds "8"]
[EventCountry "CAN"]
[SourceTitle "EXT 2022"]
[Source "ChessBase"]
[SourceDate "2021.10.06"]
[SourceVersion "1"]
[SourceVersionDate "2021.10.06"]
[SourceQuality "1"]

1. e4 Nf6 2. e5 Nd5 3. d4 d6 4. Bc4 Nb6 5. Bb3 Bf5 6. Qf3 Qc8 7. Bxf7+ Kxf7 8. g4 Nc6 9. gxf5 dxe5 10. dxe5 Nxe5 11. Qe4 Nec4 12. Nf3 Nd6 13. Ng5+ Ke8 14. Qe6 Qxe6+ 15. fxe6 Nd5 16. Bd2 g6 17. Nc3 Nb4 18. 0-0-0 Bg7 19. a3 Bxc3 20. axb4 Bxd2+ 21. Rxd2 b5 22. Nf3 a5 23. bxa5 Rxa5 24. Kb1 Kf8 25. Ne5 Ra6 26. c4 bxc4 27. Rc1 Ra4 28. Rdc2 Kg7 29. Nxc4 Rha8 30. Rc3 Ne4 31. Rd3 Ra1+ 32. Kc2 Rxc1+ 33. Kxc1 Nxf2 34. Rd7 Kf6 35. Rxc7 Ra1+ 36. Kc2 Ng4 37. h3 Nf2 38. Ne3 Nxh3 39. Nd1 Kxe6 0-1